Logika, Avtomaty, Algoritmy

Gespeichert in:
Bibliographische Detailangaben
Hauptverfasser: Ajzerman, M.A (Verfasst von), Gusev, L. A. (Verfasst von), Rozonoer, L. I. (Verfasst von), Smirnova, M.I (Verfasst von), Tal, A. A. (Verfasst von)
Format: Buch
Sprache:Russisch
Veröffentlicht: Moskva : Gosudarstvennoje izdateľstvo fiziko-matematičeskoj literatury, 1963
Tags: Tag hinzufügen
Keine Tags, Fügen Sie das erste Tag hinzu!

MARC

LEADER 00000nam a22000003a 4500
001 stu266976
005 20150617230222.6
008 130521s--------xxr-----------------rus-d
040 |a STU  |b slo 
041 0 |a rus 
044 |a xxr 
100 1 |a Ajzerman, M.A  |4 aut 
245 1 |a Logika, Avtomaty, Algoritmy 
260 |a Moskva :  |b Gosudarstvennoje izdateľstvo fiziko-matematičeskoj literatury,  |c 1963 
300 |a 556 s 
700 1 |a Gusev, L. A.  |4 aut 
700 1 |a Rozonoer, L. I.  |4 aut 
700 1 |a Smirnova, M.I  |4 aut 
700 1 |a Tal, A. A.  |4 aut 
996 |c I*8DM1793  |l I  |s A  |a 24  |w stu266976_0001